000 04350nam0a2200397 4500
001 RU\NLR\BIBL_A\012907095
005 20250812111450.0
010 _a978-5-7422-7682-1
_9100
021 _aRU
_bКН-П-22-055869
_9КН-П-22-4846
035 _a(NLR Aleph) 012907095
035 _a(RuMoRGB)011184034
090 _a12601681
_c12601681
100 _a20221012d2022 u y0rusy50 ca
101 0 _ager
_arus
102 _aRU
105 _aa j 000zy
181 0 _ai3
_baxxe
182 0 _an
200 1 _aНемецкий язык для торговли
_dDeutsch für Handel
_eучебное пособие
_eдля бакалавров 3-го курса по направлению подготовки 38.03.06 "Торговое дело", изучающих немецкий язык как второй иностранный язык
_fЖ. А. Никифорова
_gМинистерство науки и высшего образования Российской Федерации, Санкт-Петербургский политехнический университет Петра Великого, Институт промышленного менеджмента, экономики и торговли, Высшая школа сервиса и торговли
_zger
203 _aТекст
_bвизуальный
_cнепосредственный
210 _aСанкт-Петербург
_cCанкт-Петербургский политехнический университет Петра Великого, Политех Пресс
_d2022
215 _a101 с.
_cил., портр., табл.
_d20
300 _aАвт. также на англ. яз.: Zh. A. Nikiforova
300 _aТекст нем., рус.
320 _aБиблиогр.: с. 100-101 (22 назв.)
330 _aЦель пособия - научить студентов основам деловой коммуникации в сфере торговли в устной и письменной форме. На сегодняшний день торговля стала неотъемлемой частью экономической жизни общества. Сложно представить внешнеэкономические отношения стран без торгового компонента. Пособие позволит бакалаврам повысить интерес к международной торговле как важнейшему аспекту внешнеэкономической деятельности. Пособие содержит богатую информацию, характерную для типичных торговых ситуаций: заключение торгового договора, предложение или заказ товаров, ведение деловых переговоров и т. д. Учебное пособие состоит из шести уроков, в которых подробно рассматриваются основные виды и функции торговли. В каждый из уроков включены упражнения, развивающие основные виды речевой деятельности обучающихся: говорение, аудирование, чтение и письмо. Учебное пособие по дисциплине "Карьерная адаптивность: второй иностранный язык (немецкий)" предназначено для бакалавров 3-го курса по направлению подготовки 38.03.06 "Торговое дело", изучающих немецкий язык как второй иностранный язык
510 1 _6z44790
_aDeutsch für Handel
_zger
606 1 _aНемецкий язык
_xУчебные издания для торговых работников
_2nlr_sh2
_3RU\NLR\AUTH\661460253
675 _a811.112.2(075.8)
_v4
686 1 _aШ143.24-93рус329.31
700 1 _aНикифорова
_bЖ. А.
_gЖанна Александровна
790 1 _6z44510
_aNikifiriva
_bŽ. A.
_gŽanna Aleksandrovna
942 _cBOOK
980 _aNB